000 01038nam2a2200205 4500
001 RU\NLR\PER_A\012286559_000290
005 20250625070302.0
035 _a(NLR Aleph) 021967625
090 _a12347239
_c12347239
100 _a20230622d2023 |||y0rusy50 ca
101 0 _arus
102 _aRU
200 0 _aТ. 5, № 2
210 _d2023
_aБ. м.
461 0 _1001RU\NLR\BIBL_A\012286559
_12001#$aUniversity therapeutic journal$eUTJ$dУниверситетский терапевтический вестник$eрецензируемый научно-практический журнал$zrus$vТ. 5, № 2
_911246868
_cСанкт-Петербург
_d2019 -
_lУниверситетский терапевтический вестник
_nФГБОУ ВО СПбГПМУ Минздрава России
_oUTJ : рецензируемый научно-практический журнал
_tUniversity therapeutic journal
_x2713-1912
_vТ. 5, № 2
852 _aNLR
_jП17/1843
942 _cISSUE
980 _aNB
980 _aRUSPER